| 000 | 00679 a2200193 4500 | ||
|---|---|---|---|
| 003 | Nust | ||
| 005 | 20221017115757.0 | ||
| 010 | _a 79024337 | ||
| 020 | _a0876302274 | ||
| 040 | _cNust | ||
| 082 | 0 | 0 | _a616.8914,REI |
| 100 | 1 |
_aReid, William H., _9100414 |
|
| 245 | 1 | 0 |
_aBasic intensive psychotherapy / _cWilliam H. Reid. |
| 260 |
_aNew York : _bBrunner/Mazel, _cc1980. |
||
| 300 |
_axii, 131 p. ; _c24 cm. |
||
| 505 | _aPrinciples and Goals (Page-3), The Participants (Page-17), The Therapeutic Setting (Page-31), Opening Phases of Treatment (Page-47), The Middle Phase (Page-67), Termination (Page-109). | ||
| 650 | 0 |
_aIntensive psychotherapy. _9100415 |
|
| 942 |
_2ddc _cBK |
||
| 999 |
_c183206 _d183206 |
||